| 000 | 00642nam a2200229Ia 4500 | ||
|---|---|---|---|
| 001 | 14937 | ||
| 003 | GE_BSU | ||
| 008 | 181216s||||||||xx |||||||||||||| ||und|| | ||
| 040 | _cGE_BSU | ||
| 080 | _a519.6(075.8) | ||
| 100 | _aБерезин,И.С. Жидков,Н.П. | ||
| 245 | _aМетоды вычислении. т.1 | ||
| 245 | _cРед.Б.М.Будак и А.Д. Горбунов | ||
| 250 | _a2-ое, стереотипн. | ||
| 260 | _aМосква | ||
| 260 | _bГосиздат | ||
| 260 | _c1962 | ||
| 300 | _a464стр.22см. | ||
| 300 | _eТаблицы | ||
| 653 | _aМетоды вычислении | ||
| 942 | _cBK | ||
| 999 |
_c48057 _d48057 |
||